English for the humanities : teacher's resource book
Сохранить в:
| Главный автор: | |
|---|---|
| Формат: | |
| Язык: | Undetermined |
| Опубликовано: |
Boston, MA
Thomson ELT
2007
|
| Предметы: | |
| Метки: |
Добавить метку
Нет меток, Требуется 1-ая метка записи!
|
| Thư viện lưu trữ: | Trung tâm Học liệu Trường Đại học Cần Thơ |
|---|
| LEADER | 00611nam a2200217Ia 4500 | ||
|---|---|---|---|
| 001 | CTU_123976 | ||
| 008 | 210402s9999 xx 000 0 und d | ||
| 020 | |c 266000 | ||
| 082 | |a 428.24 | ||
| 082 | |b J65 | ||
| 100 | |a Johannsen, Kristin L. | ||
| 245 | 0 | |a English for the humanities : | |
| 245 | 0 | |b teacher's resource book | |
| 245 | 0 | |c Kristin L. Johannsen | |
| 260 | |a Boston, MA | ||
| 260 | |b Thomson ELT | ||
| 260 | |c 2007 | ||
| 650 | |a English language,Humanities | ||
| 650 | |x Textbooks for foreign speakers,Terminology | ||
| 904 | |i Minh | ||
| 980 | |a Trung tâm Học liệu Trường Đại học Cần Thơ | ||